|
|
|
|
| LEADER |
00000nam2a2200000 4500 |
| 001 |
263028 |
| 005 |
20231101233714.0 |
| 035 |
|
|
|a (RuTPU)RU\TPU\book\286012
|
| 090 |
|
|
|a 263028
|
| 100 |
|
|
|a 20140605d1981 m y0rusy50 ca
|
| 101 |
0 |
|
|a rus
|
| 102 |
|
|
|a RU
|
| 105 |
|
|
|a y z 000ay
|
| 200 |
0 |
|
|a Т. 22 : Дневник писателя за 1976 год. Январь- апрель
|
| 210 |
|
|
|d 1981
|
| 215 |
|
|
|a 407 с.
|
| 461 |
|
1 |
|0 (RuTPU)RU\TPU\book\75977
|t Полное собрание сочинений. В 30-ти т.
|f Ф. М. Достоевский
|g Академия наук СССР (АН СССР), Институт русской литературы (Пушкинский Дом) (ИРЛИ) ; под ред. В. Г. Базанова
|v Т. 22 : Дневник писателя за 1976 год. Январь- апрель
|d 1972-
|
| 600 |
|
1 |
|a Достоевский
|g Федор Михайлович
|f 1821-1881
|c русский писатель
|b Ф. М.
|2 stltpush
|3 (RuTPU)RU\TPU\pers\1038
|
| 606 |
1 |
|
|a Русская литература, дореволюционная
|2 stltpush
|3 (RuTPU)RU\TPU\subj\26371
|9 50314
|
| 610 |
1 |
|
|a русская литература
|
| 610 |
1 |
|
|a публицистика
|
| 610 |
1 |
|
|a дневники
|
| 610 |
1 |
|
|a 19 век
|
| 610 |
1 |
|
|a воспоминания
|
| 801 |
|
1 |
|a RU
|b 63413507
|c 20140605
|
| 801 |
|
2 |
|a RU
|b 63413507
|c 20140617
|g RCR
|
| 942 |
|
|
|c BK
|